[Event "44th Olympiad"]
[Site "Chennai IND"]
[Date "2022.08.06"]
[EventDate "2022.07.29"]
[Round "8.2"]
[Result "0-1"]
[White "Fabiano Caruana"]
[Black "D Gukesh"]
[WhiteElo "2783"]
[BlackElo "2684"]
[PlyCount "90"]

1. e4 c5 2. Nf3 Nc6 3. Bb5 g6 4. O-O Bg7 5. Bxc6 bxc6 6. Re1 Qc7 7. h3 d6 8. e5
 dxe5 9. d3 c4 10. Nc3 cxd3 11. cxd3 Nh6 12. Nxe5 Nf5 13. Bf4 Qb7 14. Na4 f6 15.
 Nf3 O-O 16. d4 g5 17. Bh2 h5 18. Re4 Qd7 19. Qc2 Rf7 20. Rae1 Bf8 21. Qe2 Qd5
 22. Nc3 Qd7 23. Qc4 Qb7 24. b4 e6 25. Rb1 Qd7 26. Rbe1 Qb7 27. Rb1 Qd7 28. a3 a5
 29. Na4 Qd8 30. bxa5 Rxa5 31. Nc5 Qd5 32. Qe2 Rxa3 33. Rd1 Rfa7 34. g4 hxg4 35.
 hxg4 Nh6 36. Bg3 e5 37. Nxe5 fxe5 38. Rxe5 Bxg4 39. Qd2 Qf3 40. Rxg5+ Rg7 41.
 Re1 Bh3 42. Bd6 Bxd6 43. Rxg7+ Kxg7 44. Qg5+ Kh7 45. Ne4 Qxe4 0-1